00597nam a2200193Ia 4500001001000000003000500010008004100015010001100056020001100067040000900078082002000087100001700107245009200124260006600216300001100282440006800293650002500361650001700386Para_6395CHAP220125s1916 xx 000 0 und d a205133 aM/BAJA cCHAP aPA-C 595.78 M68 aMosher, Edna aA classification of the lepidoptera based on characters of the pupa /c by Edna Mosher aUrbana, ILL. :b Illinois State Laboratory of Natural History a150 p. aBulletin of the Illinois State Laboratory of Natural History;12 aCatharanthus roseus  aLepidopteros